Advances in food and nutrition research . vol. 55

Recognizes the integral relationship between the food and nutritional sciences and brings together reviews that highlight this relationship. This work includes contributions that detail scientific developments in the broad areas of food science and nutrition. It also includes information for food sc...

Full description

Bibliographic Details
Main Author: Taylor, Steve L. (Author)
Format: Book
Language:English
Published: Burlington, Massachusetts : Elsevier , c2009
Subjects:

MARC

LEADER 00000cam a2200000 7i4500
001 0000068356
005 20110420093000.0
008 100725s2009 na eng
020 |a 0123741203 (hbk.) 
020 |a 9780123741202 (hbk.) 
090 0 0 |a TX537   |b .A47 2009 v55 
245 1 0 |a Advances in food and nutrition research .   |n vol. 55   |c edited by Steve L.Taylor 
260 |a Burlington, Massachusetts :   |b Elsevier ,   |c c2009 
300 |a viii, 276 p. :   |b ill, ;   |c 24 cm. 
504 |a Includes bibliographical references and index 
505 0 |a 1. Ginenosides: chemistry, biosynthesis, analysis, and potential health effects -- 2. Adherence, anti-adherence, and oil oligosaccharides: preventing pathogens from sticking to the host -- 3. Lung disease in flavoring and food production: learning from butter flavoring -- 4. Beneficial health properties of psyllium and approaches to improve its functionalities -- 5. Starch gelatinization 
520 |a Recognizes the integral relationship between the food and nutritional sciences and brings together reviews that highlight this relationship. This work includes contributions that detail scientific developments in the broad areas of food science and nutrition. It also includes information for food scientists and nutritionists. 
650 0 |a Food   |x Research   |v Periodicals 
650 0 |a Nutrition   |x Research   |v Periodicals 
700 1 |a Taylor, Steve L. ,   |e author 
999 |a 1000134354   |b Book   |c OPEN SHELF (30 DAYS)   |e Tembila Campus